000 00522nam a2200181Ia 4500
008 090630s9999 xx 000 0 und d
082 _b10182
100 _aशहा सुभाष.
245 _aडेेंजर.
_cशहा सुभाष.
260 _bश्रध्दा.
_c1987
300 _a148
600 _aशहा सुभाष.
630 _aडेेंजर.
655 _aकादंबरी.
700 _aशहा सुभाष.
730 _aडेेंजर.
942 _cBOOK
999 _c262038
_d262038